Empowering the youth for nation building through : (Record no. 78205)

MARC details
000 -LEADER
fixed length control field 00912nam a22002417a 4500
003 - CONTROL NUMBER IDENTIFIER
control field URS
005 - DATE AND TIME OF LATEST TRANSACTION
control field 20240418211733.0
008 - FIXED-LENGTH DATA ELEMENTS--GENERAL INFORMATION
fixed length control field 231003t2022 |||||||| |||| 00| 0 eng d
020 ## - INTERNATIONAL STANDARD BOOK NUMBER
International Standard Book Number 9786214091980
040 ## - CATALOGING SOURCE
Transcribing agency URS
Description conventions rda
050 14 - LIBRARY OF CONGRESS CALL NUMBER
Classification number LC220.5
Item number B7728 2022
100 1# - MAIN ENTRY--PERSONAL NAME
Personal name Briones, Mario R.
245 1# - TITLE STATEMENT
Title Empowering the youth for nation building through :
Remainder of title Civic welfare training service 1 /
Statement of responsibility, etc. Mario R. Briones, EdD, Engr. Manuel Luis R. Alvarez, Ernesto Thaddeus M. Solmerano.
264 #1 - PRODUCTION, PUBLICATION, DISTRIBUTION, MANUFACTURE, AND COPYRIGHT NOTICE
Place of production, publication, distribution, manufacture Mandaluyong City, Philippines :
Name of producer, publisher, distributor, manufacturer Books Atbp. Publishing Corp.,
Date of production, publication, distribution, manufacture, or copyright notice 2022.
300 ## - PHYSICAL DESCRIPTION
Extent xii, 252 pages :
Other physical details illustrations;
Dimensions 24 cm
336 ## - CONTENT TYPE
Source rdacontent
Content type term text
337 ## - MEDIA TYPE
Source rdamedia
Media type term unmediated
338 ## - CARRIER TYPE
Source rdacarrier
Carrier type term volume
504 ## - BIBLIOGRAPHY, ETC. NOTE
Bibliography, etc. note Includes bibliographical references.
700 1# - ADDED ENTRY--PERSONAL NAME
Personal name Engr. Manuel Luis R. Alvarez
Relator term author
700 1# - ADDED ENTRY--PERSONAL NAME
Personal name Ernesto Thaddeus M. Solmerano
Relator term author
942 ## - ADDED ENTRY ELEMENTS (KOHA)
Source of classification or shelving scheme Library of Congress Classification
Koha item type Foreign Books
Holdings
Withdrawn status Source of classification or shelving scheme Damaged status Not for loan Home library Current library Date acquired Total Checkouts Full call number Barcode Date last seen Price effective from Koha item type
  Library of Congress Classification     Tanay College Library Tanay College Library 10/03/2023   LC220.5 B7728 2022 URSTAN-N3395 10/03/2023 10/03/2023 Foreign Books
  Library of Congress Classification     Tanay College Library Tanay College Library 10/03/2023   LC220.5 B7728 2022 URSTAN-N3394 10/03/2023 10/03/2023 Foreign Books

University of Rizal System
Email us at univlibservices@urs.edu.ph

Visit our Website www.urs.edu.ph/library